S ochranou obchodu pomôže aj AI

S rozvojom moderných technológií v maloobchode prichádzajú aj nové výzvy, na ktoré musia obchodníci reagovať, predovšetkým v oblasti kriminality. Pri zabezpečení predajne viac ako inde platí, že obchodníci budú vždy len reagovať na novinky, ktoré kriminálnici uvedú do praxe. To však neznamená, že pr...

Descrizione completa

Salvato in:
Dettagli Bibliografici
Autore principale: Kapitán, Peter
Natura: Capitolo di libro
Lingua:slovacco
Soggetti:
Tags: Aggiungi Tag
Nessun Tag, puoi essere il primo ad aggiungerne!!

MARC

LEADER 00000naa a2200000 4500
001 0304968
005 20241107102634.6
041 0 |a slo 
044 |a CZ 
245 1 0 |a S ochranou obchodu pomôže aj AI  |c Peter Kapitán 
520 |a S rozvojom moderných technológií v maloobchode prichádzajú aj nové výzvy, na ktoré musia obchodníci reagovať, predovšetkým v oblasti kriminality. Pri zabezpečení predajne viac ako inde platí, že obchodníci budú vždy len reagovať na novinky, ktoré kriminálnici uvedú do praxe. To však neznamená, že prevencia nemá zmysel. Existuje niekoľko základných postupov, ktoré pri správnej aplikácii dokážu pri minimálnych nákladoch ušetriť tisíce eur. Príkladom sú kamerové systémy či bezpečnostné brány. 
610 2 0 |a ochrana majetku 
610 2 0 |a kriminalita 
610 2 0 |a bezpečnosť 
610 2 0 |a inteligencia umelá 
610 2 0 |a krádeže 
100 1 |a Kapitán, Peter